Age of Empires 2: Unique Castles - Statistics

General Stats
  • This quiz has been taken 78 times
    25 since last reset
  • The average score is 33 of 53
Answer Stats
Picture Answer % Correct
Teutons
92%
Aztecs
85%
Mayans
85%
Bohemians
77%
Britons
77%
Japanese
77%
Koreans
77%
Mongols
77%
Tatars
77%
Armenians
69%
Byzantines
69%
Chinese
69%
Franks
69%
Georgians
69%
Incas
69%
Malay
69%
Mapuche
69%
Muisca
69%
Romans
69%
Saracens
69%
Wu
69%
Burmese
62%
Huns
62%
Italians
62%
Jurchens
62%
Khmer
62%
Lithuanians
62%
Malians
62%
Slavs
62%
Spanish
62%
Tupi
62%
Vikings
62%
Wei
62%
Berbers
54%
Burgundians
54%
Celts
54%
Cumans
54%
Ethiopians
54%
Goths
54%
Gurjaras
54%
Persians
54%
Poles
54%
Portuguese
54%
Shu
54%
Turks
54%
Vietnamese
54%
Hindustanis
46%
Khitans
46%
Magyars
46%
Sicilians
46%
Bengalis
38%
Bulgarians
38%
Dravidians
38%
No matching quizzes found
Score Distribution
Percent of People with Each Score
Percentile by Number Answered
Your Score History
You have not taken this quiz since the last reset